Communication skills

Komunikačné zručnosti manažérov. Niektoré cesty zlepšenia pracovnej komunikácie manažérov. Meranie komunikačných zručností manažérov. Prieskum.

Salvato in:
Dettagli Bibliografici
Autore principale: Horváthová, Elena
Altri autori: Pešáková, Petra, 1984-
Natura: Capitolo di libro
Lingua:inglese
Soggetti:
Tags: Aggiungi Tag
Nessun Tag, puoi essere il primo ad aggiungerne!!

MARC

LEADER 00000nla$a2200000$$$4500
001 0111788
005 20240502072235.0
041 0 |a eng 
044 |a SK 
245 1 0 |a Communication skills  |c Elena Horváthová, Petra Pešáková 
520 |a Komunikačné zručnosti manažérov. Niektoré cesty zlepšenia pracovnej komunikácie manažérov. Meranie komunikačných zručností manažérov. Prieskum. 
610 2 0 |a komunikácia 
610 2 0 |a manažéri 
610 2 0 |a komunikácia manažérska 
610 2 0 |a meranie 
610 2 0 |a zručnosti 
100 1 |a Horváthová, Elena 
700 1 |a Pešáková, Petra, 1984-